000 01328cam a22002174a 4500
005 20250605164040.0
008 250528s ||||||||||||||||||||||||d
035 _a16961
020 _a415099161
040 _aGR-AtMCL
_bgre
_dGR-AtMCL
_eAACR2
245 1 _aResistance Through Rituals / Youth Subcultures in Post-War Britain
250 _a1st
260 _bRouledge,
_c1993
300 _a288
520 _aAn authoritative perspective of society's subcultures amongst the youth since the war. Introduction, Theory I, Subcultures and Cultures and Class, Some Notes on the Relationship Between the Societal Control Culture and the News Media, Ethnography, Cultural Responses of the Teds, The Meaning of Mod, The Skinheads and the Magical Recovery of Community, Doing Nothing, The Cultural Meaning of Drug Use, Ethnography Through the Looking-Glass, Communes, Reggae and Rastas and Rudies, A Strategy for Living, Theory II, Style, Consciousness of Class and Consciousness of Generation, Girls and Subcultures, A Note on Marginality, The Politics of Youth Culture, Method, Naturalistic Research into Subcultures and Deviance, The Logic of Enquiry of Participant Observation, References, Index.
700 1 _aJefferson Tony
_93061
700 1 _aStuart Hall
_93062
942 _cBK
999 _c2404
_d2404